| 000 | 01128nam0a2200337 4500 | ||
|---|---|---|---|
| 001 | RU\NLR\BIBL_A\022589637 | ||
| 005 | 20260420051201.0 | ||
| 010 |
_a978-5-04-200756-9 _93000 |
||
| 021 |
_aRU _bКН-П-25-031579 _9КН-П-25-3125 |
||
| 035 | _a(NLR Aleph) 022589637 | ||
| 090 |
_a13679079 _c13679079 |
||
| 100 | _a20250723d2025 u y0rusy50 ca | ||
| 101 | 0 | _arus | |
| 102 | _aRU | ||
| 105 | _aа z 000аy | ||
| 181 | 0 |
_ai _baxxe |
|
| 182 | 0 | _an | |
| 200 | 1 |
_aПроблем не избежать _fСелена Вест |
|
| 203 |
_aТекст _bвизуальный _cнепосредственный |
||
| 210 |
_aМосква _cЭксмо, Freedom _d2025 |
||
| 215 |
_a349, [1] с. _cил. _d21 |
||
| 225 | 1 |
_aYoung adult _iМолодежная российская романтическая проза |
|
| 333 | _a16+ | ||
| 686 | 0 | _aШ9(2)62=Р7-4 | |
| 700 | 1 |
_7ca _8rus _aВест _bС. _cпсевдоним _gСелена _92677676 _3RU\NLR\AUTH\770284614 |
|
| 942 | _cBOOK | ||
| 980 | _aNB | ||